000 00770cam a22001694a 4500
005 20250605163342.0
008 250528s ||||||||||||||||||||||||d
035 _a17421
040 _aGR-AtMCL
_bgre
_dGR-AtMCL
_eAACR2
245 1 _aΠρόληψη Ατυχήματων / Στους Χώρους Εργασίας
260 _bΕπτάλοφος
_bΥπουργείο Εργασίας Και Κοινωνικής Ασφάλησης,
_c2009
300 _a32
520 _aΕμφανιζόμενες Γλώσσες: Ελληνικά, Αγγλικά, Γαλλικά, Αλβανικά, Βουλγάρικα, Πολωνικά, Αραβικά, Ρουμάνικα, Πακιστανικά, Κινέζικα, Ρώσικα.
942 _cBK
999 _c2842
_d2842